Music Quiz

Random Music Quiz

Eurovision Winners 1990-2012 Quiz Stats

 Plays Quiz not verified by Sporcle

Score 0/23 Timer 06:00
0 Plays Today
% Correct
???
73.3%
???
72.3%
???
70%
???
69.6%
???
69.4%
???
69%
???
68%
???
66.7%
???
66.1%
???
65.9%
???
65.3%
???
60%
% Correct
???
59.1%
???
57.5%
???
53.8%
???
53.2%
???
51.7%
???
51.3%
???
50.3%
???
50.1%
???
48%
???
46.2%
???
42.3%

You're not logged in!

Compare scores with friends on all Sporcle quizzes.
OR
Log In

Show Comments

Extras

Top Quizzes Today


Score Distribution

Your Account Isn't Verified!

In order to create a playlist on Sporcle, you need to verify the email address you used during registration. Go to your Sporcle Settings to finish the process.

Report this User

Report this user for behavior that violates our Community Guidelines.

Details: